00851nam a22002537a 45000010005000000030006000050050017000110080041000280200018000690400029000870500015001160820010001311000032001412450038001732500041002112600034002523000023002865050007003095200185003165210019005015210018005206500024005386500035005627774FISKH20250805160654.0250805b cb ||||| |||| 00| 0 eng d a9780590441124 aFISKHbengcFISKHdFISKH aPZ7.R727 I a919.8 aRoth, Arthurd(1926–1993) aThe iceberg hermit /cArthur Roth aThis edition first published in 1974 aNew York :bScholastic,c1974 a219 pages :c18 cm aZ  aShipwrecked in 1757 on an iceberg in the Arctic seas with only an orphaned polar cub for companionship, seventeen-year-old Allan begins a seemingly hopeless struggle for survival. 8 a1060 bLexile 8 aZ bRaz-Plus  2SurvivalaAdventure 2ShipwrecksaHistorical fiction